000 00368nam a22001577a 4500
003 OSt
008 251104b |||||||| |||| 00| 0 eng d
020 _a9789384850098
082 _a158.1
_bTRI
100 _aTRIVEDI,Deep
245 _aI am the Mind
250 _a9th Ed
260 _aMumbai
_bAatman Innovations Pvt. Ltd.
_c2023
300 _a252p
942 _2ddc
_cREF
999 _c13752
_d13752